| 000 | 00852nam a2200241Ia 4500 | ||
|---|---|---|---|
| 003 | CO-CtgCURN | ||
| 005 | 20250408171720.0 | ||
| 008 | 190723s9999 xx 000 0 und d | ||
| 020 | _a9586908089 | ||
| 040 |
_aCO-CtgCURN _bspa _ccoctgcurn |
||
| 082 |
_a346.017 _bM562 |
||
| 100 | _aMerino Martínez, Catalina | ||
| 245 | 0 |
_aEl derecho a conocer el propio origen biologico / _cCatalina Merino Martínez |
|
| 260 |
_aBogotá, Colombia : _bLeyer, _c2005 |
||
| 300 |
_a139 páginas ; _c23 centímetros |
||
| 504 | _aIncluye referencias bibliográficas ( p. [135]-139) | ||
| 521 | _aAREA PROFESIONAL | ||
| 590 | _aPrograma de Derecho_18 | ||
| 650 | _aPaternidad (Derecho) | ||
| 650 |
_aReproducción humana _xLegislacion |
||
| 942 |
_cBK _h346.017 _iM562 _2ddc _n0 |
||
| 999 |
_c29032 _d29032 |
||